Регионална библиотека "Любен Каравелов" - Русе

Героичната арка (Запис номер 392541)

MARC детайли
000 -Лидер
Контролно поле с фиксирана дължина 01295nam a2200325 a 4500
003 - Код на организацията, давaща контролен номер
Контролно поле BLK
005 - Дата и час на последна редакция
Контролно поле 20250530151206.0
008 - Елементи от данни с фиксирана дължина
fixed length control field 201218b bu ||||| |||| 00| 0 bu d
020 ## - Международен стандартен номер на книга ISBN
Международен стандартен номер на книга ISBN 9789542620259
040 ## - Източник на каталожния запис
Идентификатор на билиотеката - собственик на записа BLK
041 ## - Код за език
Код за езика на текст/звукозапис или на отделно заглавие Български
Код за езика КДБФ Български
072 #7 - Код за тематичната категория
Код организация bullib
Код за тематична категория Н83
Текст Чужда художествена литература Н
080 ## - УДК
Текстов определител УДК Португалска литература
УДК код - определител по УДК 821.134.3
УДК определител -31
УДК - код + определител 821.134.3-31
100 1# - Редна дума - Автор
Автор Сантуш, Жозе Родригеш душ
Авторска отговорност първи автор
R(LIN) 266382
139 ## - Редно поле
Редна дума Сантуш, Жозе Родригеш душ
Авторски знак Сан - С 18
245 10 - Сведения за заглавието
Заглавие Героичната арка
Подзаглавни данни Роман
Редно поле (дума) Жозе Родригеш душ Сантуш; прев. от португ. Весела Чергова.
257 ## - Страна на издаване
Страна на създаване/издаване Португалия
260 ## - Област на издателските данни
Име на издателя, разпространителя и проч. Хермес
Година на издаване 2020
Печатница София : Алианс принт
Място на издаване, разпространение и проч. София
300 ## - Физическа характеристика
Страници 344 с.
Размери/Мащаб 21 см
380 ## - Жанр
Жанр Худож. лит.
500 ## - Общи забележки
Забележка Ориг. загл. A amante do governator / Jose Rodrigues dos Santos.
653 ## - Ключова дума – ненормативна
Ключова дума романи
659 ## - Тематичен бюлетин
Тематичен бюлетин Н
700 ## - Други автори (авторска отговорност)
Лично име Чергова, Весела Петрова
Автороска отговорност (Описва отношението между автора и произведението) прев. от португ.
9 (RLIN) 1116
852 ## - Местоположение
Фондова буква Заемна - подръчен фонд
Систематично-азбучна сигнатура 821-31/С 18
856 4# - Електронен адрес и достъп
Електронен формат pdf - файл
856 4# - Електронен адрес и достъп
Електронен формат pdf - файл
999 ## - СИСТЕМНИ КОНТРОЛНИ НОМЕРА
Koha biblionumber 392541
Koha biblioitemnumber 392541
942 ## - АРТИКУЛИ
Вид на библиотечния материал Книги
Скрит в OPAC Не
Koha issues (borrowed), all copies 66
Периодичен библиозапис Да
944 ## - СЪЗДАВАНЕ И РЕДАКЦИЯ на ЗАПИСА
Създаване/Редакция Създаване
Дата на регистрацията/редакция 2020-12-18
Статус, дата на статуса Цветомила Тодорова
Служител, извършил регистрацията/редакцията 30576
Наличности
Код за отписване Код за изгубен артикул Източник на класификационната схема Код за повреда Код за отдаване Артикулен № Име на библиотеката - собственик Име на библиотеката, в която се намира в момента Статус (Текущо местоположение) Дата на вписване в системата Местоположение - отдел Цена в лева Систематично азбучна сигнатура Баркод Цена в евро Служебен тип на артикула Коз за рестрикции
  Не е изгубен Universal Decimal Classification Не е повреден заемане за дома 806002 Регионална библиотека "Любен Каравелов" Русе Регионална библиотека "Любен Каравелов" Русе Заемна - подръчен фонд 2021-01-02 Заемна - подръчен фонд 12.57 821-31/С 18 Ж 120000850346 6.43 Книги  
  Не е изгубен Universal Decimal Classification Не е повреден заемане за дома 806003 Регионална библиотека "Любен Каравелов" Русе Регионална библиотека "Любен Каравелов" Русе Заемна - подръчен фонд 2021-01-02 Заемна - подръчен фонд 12.57 821-31/С 18 Ж 120000850345 6.43 Книги  
  Не е изгубен Universal Decimal Classification Не е повреден ползва се в читалня 832842 Регионална библиотека "Любен Каравелов" Русе Регионална библиотека "Любен Каравелов" Русе Хранилище 2021-05-27 Хранилище 17.95 Цб 305572 120000855016 9.18 Книги само за читалня
Vip Innovations Ltd, Rousse, Bulgaria 2025